|
|
|
|
| LEADER |
01176nam a2200301 a 4500 |
| 001 |
398 |
| 003 |
BD-DhAAL |
| 005 |
20150514105530.0 |
| 008 |
940503s1995 nyua 001 0 eng |
| 010 |
|
|
|a 94020186
|
| 020 |
|
|
|a 0070376514
|
| 020 |
|
|
|a 0070376522 (pbk.)
|
| 040 |
|
|
|a DLC
|c DLC
|d DLC
|d BD-DhAAL
|
| 050 |
0 |
0 |
|a QA76.9.H85
|b L48 1995
|
| 082 |
0 |
0 |
|a 006
|2 20
|
| 100 |
1 |
|
|a Levy, Joseph,
|d 1934-
|9 11034
|
| 245 |
1 |
0 |
|a Create your own virtual reality system /
|c Joseph R. Levy, Harley Bjelland.
|
| 260 |
|
|
|a New York :
|b Windcrest/McGraw-Hill,
|c c1995.
|
| 300 |
|
|
|a xxx, 284 p. :
|b ill. ;
|c 25 cm. +
|
| 500 |
|
|
|a Includes index.
|
| 541 |
|
|
|e 398
|
| 650 |
|
0 |
|a Human-computer interaction.
|9 11035
|
| 650 |
|
0 |
|a Virtual reality.
|9 11036
|
| 700 |
1 |
|
|a Bjelland, Harley.
|9 11037
|
| 942 |
|
|
|2 ddc
|c BK
|
| 999 |
|
|
|c 34414
|d 34414
|
| 952 |
|
|
|0 0
|1 0
|2 ddc
|4 0
|6 006_000000000000000_LEV
|7 0
|9 53726
|a SCL
|b SCL
|c GEN
|d 2015-05-14
|e Gift: The Asia Foundation
|l 1
|m 9
|o 006 LEV
|p 3020000398
|r 2017-11-29
|s 2017-09-25
|t 1
|w 2015-05-14
|y BK
|
| 952 |
|
|
|0 0
|1 0
|2 ddc
|4 0
|6 006_000000000000000_LEV
|7 0
|9 53842
|a SCL
|b SCL
|c GEN
|d 2015-05-23
|e Gift: The Asia Foundation
|l 0
|o 006 LEV
|p 3020000397
|r 2015-05-23
|t 2
|w 2015-05-23
|y BK
|